000 00950cab a2200265 4500
001 WB2920-40
008 090401t1993 xxu||||| |||| 00| 0 eng d
035 _a(Sirsi) u38244
041 _aeng
245 _aValuation
260 _c1993
350 _a0
490 _aEstates Gazette Case Summaries
_v(1993) EGCS 93(1) (22/5/93)
520 _a"Alliance & Leicester Building Society & others v Edgestop Ltd & others" ChD 30 April 1993. Held that E could not rely on the plea of contributory negligence as defence against the charge of vicarious liability for one of their employees` fraud and deceit.
650 _aCONTRIBUTORY NEGLIGENCE
650 _aHAMPTONS
650 _aLAW REFORM (CONTRIBUTORY NEGLIGENCE) ACT 1945
650 _aMORTGAGE FRAUD
650 _aNEGLIGENCE
650 _aREDGRAVE V HURD
650 _aVALUERS
690 _aMANAGEMENT-BUSINESS MANAGEMENT-PROFESSIONAL PRACTICE
942 _n0
948 _c04/03/1997
999 _c24573
_d24573